On the Social Philosophy of Buddhism: (Record no. 209623)

MARC details
000 -LEADER
fixed length control field 00555nam a22001817a 4500
005 - DATE AND TIME OF LATEST TRANSACTION
control field 20250221143312.0
010 ## - LCCN (DPL NO)
LC control number ENG-143730
020 ## - INTERNATIONAL STANDARD BOOK NUMBER
International Standard Book Number 9789382396284
Terms of availability 300.00
035 ## - SYSTEM CONTROL NUMBER
System control number EN-127262
037 ## - SOURCE OF ACQUISITION
Stock number DBAD
082 ## - DEWEY DECIMAL CLASSIFICATION NUMBER
Classification number 250.2
Edition number 1
100 ## - MAIN ENTRY--PERSONAL NAME
Personal name Uma Chakravarti
245 ## - TITLE STATEMENT
Title On the Social Philosophy of Buddhism:
Remainder of title Four Essays/
Statement of responsibility, etc by Uma Chakravarti
260 ## - PUBLICATION, DISTRIBUTION, ETC. (IMPRINT)
Place of publication, distribution, etc Shimla
Name of publisher, distributor, etc Indian Institute of Advanced Study
Date of publication, distribution, etc 2015
270 ## - ADDRESS
Address Rashtrapati Nivas,
City Shimla
Postal code 171005
300 ## - PHYSICAL DESCRIPTION
Extent 87p.
Dimensions 22cm(Hb)
942 ## - ADDED ENTRY ELEMENTS (KOHA)
Source of classification or shelving scheme Dewey Decimal Classification
Item type English Books
Call number suffix CHA
Classification part 250.2
Holdings
Withdrawn status Lost status Not for loan Collection code Home library Current library Date acquired Source of acquisition Cost, normal purchase price Full call number Barcode Copy number Cost, replacement price Koha item type
      Non-fiction Central Library Central Library 21/02/2025 Delivery of Books Act Division 300.00 CHA 250.2 EN-127262 1 300.00 English Books

© Delhi Public Library
Hit Counter
free hit counter